| 000 | 01518cad a22002775a 4500 | ||
|---|---|---|---|
| 001 | L143156 | ||
| 008 | 080411e20080408xxk f f000 0 eng d | ||
| 020 | _a9781851129034 | ||
| 035 | _a(Sirsi) u143156 | ||
| 041 | 0 | _aeng | |
| 050 | 0 | 4 | _a711.1 $2 18 |
| 110 | 1 |
_aUnited Kingdom _bDepartment for Communities and Local Government _94939 |
|
| 245 | 0 | 0 |
_aHousing and planning _bthe crucial role of the new local performance framework _h[electronic resource] |
| 260 |
_aLondon _bDCLG _c2008 |
||
| 520 | _aDescribes how local authorities and their partners are able to prioritise and address local housing delivery through the local performance framework. These are based on Local Area Agreements and the National Indicator Set. Describes the use and effect of regional spatial strategies. Considers how use can best be made of existing stock and how the needs of vulnerable people can be met. Offers tips for performance management and provides details of useful organisations and publications. | ||
| 521 | 2 | _aAdvanced | |
| 590 | _aKA | ||
| 650 | 2 | 4 | _aPLANNING POLICY STATEMENT 3 |
| 650 | 2 | 4 | _aPLANNING POLICY STATEMENT 12 |
| 650 | 2 | 4 | _aPLANNING WHITE PAPER 2007 |
| 651 | 4 |
_aEngland and Wales _y1543- |
|
| 690 | _aENVIRONMENTAL AND LAND CONSULTANCY-PLANNING AND DEVELOPMENT | ||
| 710 | 1 |
_aEngland and Wales _bLocal Government Association _93545 |
|
| 856 | 4 | 0 |
_uhttps://www.communities.gov.uk/publications/localgovernment/housingandplanning _zView the item free of charge at www.communities.gov.uk... |
| 942 | _n0 | ||
| 999 |
_c108084 _d108084 |
||